Transformers AOE quiz - Statistics

General Stats
  • This quiz has been taken 137 times
  • The average score is 8 of 17
Answer Stats
Hint Answer % Correct
Autobot leader Optimus prime
97%
Autobot scout Bumblebee
76%
Samurai Drift
74%
Decepticon leader Galvatron
72%
Dinobot leader Grimlock
67%
Weapons specialist Hound
67%
Field medic Ratchet
60%
KSI drone (Bumblebee 2.0) Stinger
58%
KSI/ Mercranary bot Lockdown
54%
"Hello, mama" Crossshairs
47%
Wrecker (killed) Leadfoot
42%
Dinobot Slug
31%
Human company KSI
25%
Deceased Prime Sentinel Prime
25%
Dinobot Scorn
24%
Dinobot Strafe
18%
KSI flying thing (no idea how to describe it) Insecticon
4%
No matching quizzes found
Score Distribution
Percent of People with Each Score
Percentile by Number Answered
Your Score History
You have not taken this quiz